| 000 | 01186nam a22003497a 4500 | ||
|---|---|---|---|
| 003 | CHAP | ||
| 005 | 20220329134412.0 | ||
| 008 | 971013s1944 r 00010 d | ||
| 010 | _a19990 | ||
| 011 | _a20962 | ||
| 035 | _a25051 | ||
| 040 | _cCHAP | ||
| 090 | _aFolleto 742 | ||
| 100 | 0 | 0 |
_aAnnand, Percy Nicol. _95936 |
| 245 | _aInter-american cooperation in the control of agricultural pests | ||
| 260 |
_aMéxico, D.F., : _bComité Permanente de la Segunda Conferencia Interamericana de Agricultura, _c1944 |
||
| 300 | _a22 p | ||
| 490 |
_aPublicaciones. Sección _v; 3A |
||
| 590 |
_aBATCH-UPD _b10 _c20130109 _lUCH01 _h2340 |
||
| 590 |
_aBATCH-UPD _b10 _c20130110 _lUCH01 _h1141 |
||
| 590 |
_aBATCH-UPD _b10 _c20130409 _lUCH01 _h1910 |
||
| 590 |
_aBATCH-UPD _b10 _c20130410 _lUCH01 _h0727 |
||
| 590 |
_aBATCH-UPD _b10 _c20130914 _lUCH01 _h0022 |
||
| 590 |
_aCONVERSION _b10 _c20130109 _lUCH01 _h1312 |
||
| 650 | 1 | 4 |
_aAgricultura _xPlagas. _91764 |
| 650 | 1 | 4 |
_aEntomología económica. _937145 |
| 650 | 1 | 4 |
_aPlantas _xCuarentena. _988811 |
| 830 | 0 |
_aPublicaciones. Sección _v; 3A _992736 |
|
| 901 | _aBK | ||
| 942 | _cFOLL | ||
| 949 |
_aFolleto 742 _bBC _cFOLL _d-57745 _eTS1 _i25051 _mD _si |
||
| 999 |
_c19990 _d19990 |
||